MDQL
is popping MORE tags! Check the
thread
!
Quizzes
Events
Quiz Creation
Community
Videos
Private Events
Remove Ads
Sign In
Join for FREE
Feedback
Dark Mode
Quiz Categories
Sports
Geography
Music
Movies
Television
Just For Fun
Miscellaneous
History
Literature
Language
Science
Gaming
Entertainment
Religion
Holiday
For Kids
Quiz Lab
Recent
Popular Today
Quiz Kudos Today
Editor Picks
Curator Picks
Quizzes by...
Day
Popularity
Type
Ratings
Length
Year
Community
Subscriptions
Recent Discussions
Orange Saloon
Badges
Playlists
Quests
Create
Leaderboards
Showdown
Live 5
Trivia Bingo
Activity
Puzzle Library
Sporcle Events
Private Events
Virtual Trivia
Globe League
Become a Host
Pub Owners
SporcleCon
Opinionation
Our Games
Videos
Blog
Mobile Apps
Partnerships
Remove Ads and Go Orange
Feedback
Sports
Athletes
MLB
NBA
NHL
NFL
Soccer
Sports Teams
WWE
NCAA
Football
Premier League
Basketball
Baseball
Hockey
Golf
Tennis
Cricket
Rugby
Auto Racing
Olympics
World Cup
Sports
Athletes
MLB
NBA
NHL
NFL
Soccer
Sports Teams
WWE
NCAA
Football
Premier League
Basketball
Baseball
Hockey
Golf
Tennis
Cricket
Rugby
Auto Racing
Olympics
World Cup
Random Quiz
Search Sporcle
×
Quiz Lab
Quiz Lab
Sports
NBA
Type in answers that appear in a list
Type in answers that appear in a list
Classic
Best Score? Go Orange.
NBA Top 50: Career Points at 25 Years of Age Stats
Can you name the Top NBA Scorers by Age 25?
By
feartheturtledj
10m
50 Questions
891 Plays
891 Plays
891 Plays
Comments
Comments
Give Quiz Kudos
Give Quiz Kudos
-
- Ratings
hide this ad
More Info
Replay
Link that replays current quiz
Next Quiz
Link to next quiz in quiz playlist
You Got
0%
They Got
Avg Score
71%
Avg Friend Score
Upgrade to see
Score Distribution
Jump to the score distribution portion of the page
Score
0/50
Timer
10:00
0
Plays Today
Points
Player
% Correct
15251
Lebron James
99.9%
11263
Michael Jordan
99.1%
12215
Kobe Bryant
98.8%
12161
Kevin Durant
98.8%
12711
Carmelo Anthony
97.9%
11054
Shaquille O'Neal
97%
12423
Tracy McGrady
96.4%
9994
Kevin Garnett
94.6%
10322
Dwight Howard
93.5%
7576
Karl Malone
91.8%
8599
Moses Malone
91.6%
10071
Kareem Abdul-Jabbar
90.8%
8440
Tim Duncan
90%
8481
Paul Pierce
89.2%
9025
Allen Iverson
89.1%
10275
Chris Bosh
89%
9769
Wilt Chamberlain
89%
8638
Tony Parker
88.2%
7542
Magic Johnson
88%
7731
Marques Johnson
87.9%
9827
Isiah Thomas
85.6%
9074
Dirk Nowitzki
85.2%
8005
Amare Stoudemire
84%
9341
Oscar Robertson
83.8%
7731
Russell Westbrook
83.2%
Points
Player
% Correct
7936
Chris Paul
82.5%
9575
Gilbert Arenas
79%
7805
Josh Smith
75.1%
8717
Elton Brand
74.9%
9425
Antoine Walker
73.7%
7361
Clyde Drexler
73.4%
8616
Charles Barkley
71.7%
7839
Rudy Gay
70.9%
7783
Luol Deng
69.7%
10269
Stephon Marbury
68%
10821
Bob McAdoo
64.6%
7372
Ben Gordon
62.7%
7341
Rashard Lewis
62.4%
9437
Shareef Abdur-Rahim
62%
11113
Adrian Dantley
53.8%
8589
Cliff Robinson
52%
7458
Bernard King
51.2%
8868
Walt Bellamy
33.2%
8709
Terry Cummings
30.8%
8008
Reggie Theus
25.6%
8131
Spencer Haywood
24.2%
7644
Jack Twyman
16.9%
9869
John Drew
15%
7377
Sidney Wicks
12.7%
7333
Phil Chenier
7.6%
Quiz Playlist
Details
Report
Send in Message
Add To Playlist
More Info:
- Points totals are not up to 25th birthday, but rather up to the season in which the player turned 25 before Feb. 1
Classic:
Type in answers that appear in a list
Quiz Source
Last Updated: Feb 16, 2017
Quiz Scoreboard
CHALLENGE
Sign Up to Join the Scoreboard
Show All
Scores
Hide
Comments
May contain spoilers
Recently Published
Two Season TV Shows II
by 123Four
Television
10m
Image Sorting: Flags VI
by Barbecue
Geography
2m
Find the 'City' Movie
by crazypaving
Movies
60s
More to Explore
Quiz From the Vault
Featured Blog Post
14 Easter Pick-up Lines to Find Eggs With
hide this ad
You Might Also Like...
Tags
Basketball Quiz
NBA Quiz
Age
NBA Player
Scoring Leaders
Today's Top Quizzes in Sports
Browse Sports
hide this ad
Today's Top Quizzes in NBA
Browse NBA
Top Contributed Quizzes in Sports
1
Les meilleurs buteurs des matchs entre le PSG et l’OM
2
Les entraîneurs de l'OM et du PSG au 21e siècle
3
2022 World Cup Stars
4
Les joueurs passés par le PSG et l'OM
5
Players with Multiple 50 Home Run Seasons
6
FIFA Club World Cup Champions
7
Criteria MLB: Left Handed Sluggers
8
Les joueurs passés par le LOSC et le RC Lens
9
Top 10 NHL Goal Scorers of All Time
10
MLB Players with Two .350 Batting Average Seasons
Explore More
Trending Topics
Kpop
Marvel
NBA
Crossword
Disney
Harry Potter
Anime
Country
Puzzle
Pokémon
NFL
The Office
Song
WWE
Soccer
hide this ad
More By:
feartheturtledj
Quiz
Plays
Rating
Category
Featured
Created
NBA Top 50: Career Points at 25 Years of Age
891
4.00
Sports
Apr 8, 2013
Baltimore Orioles Wins Leaders
423
4.00
Sports
May 16, 2010
Wire Characters By Quote
336
3.50
Television
Apr 5, 2013
College Basketball POY Since 2000 (Men's/Women's)
183
5.00
Sports
Apr 10, 2013
Top 5 WR by DYAR (2010s)
125
5.00
Sports
Sep 23, 2015
Go to Creator's Profile
Score Distribution
Quiz Creator Spotlight
feartheturtledj
Follow
Send a Message
Quizzes Created
-
Created Quiz Play Count
-
More By This Creator
Popular Quizzes Today
1
Find the US States - No Outlines Minefield
2
Colored Red Africa Blitz
3
Find the 'City' Movie
4
5x2 Blitz: Bands
5
The Countries of the World
6
Find the Countries of Europe - No Outlines Minefield
7
Find the US States
8
US States
More Sports Quizzes
Premier League Golden Boot
Published
Trending Quizzes
Colored Red Europe Blitz I
Colored Red Africa Blitz II
Colored Red Europe Blitz II
Colored Red Europe Blitz III
Colored Red Africa Blitz III
Recently Updated
How Do You Spell That?
pecheneg
Godzilla Movies
pecheneg
Grab Bag: 4-10 Letters
pecheneg
2024 March Madness Bracket
pecheneg
Famous TV Couples
Peacemaker
Champions League XIs: Real Madrid
pecheneg
Largest US Cities 1790-2010
pecheneg
Rides in Walt Disney World
pecheneg
Most Oscar Losses (Acting)
pecheneg
Beyoncé Albums
pecheneg
Trending Topics
Disney
Crossword
Marvel
Kpop
NBA
Harry Potter
Anime
Pokémon
WWE
NFL
Country
Puzzle
The Office
Song
Soccer
Your Account Isn't Verified!
In order to create a playlist on Sporcle, you need to verify the email address you used during registration. Go to your
Sporcle Settings
to finish the process.
Report this User
Report this user for behavior that violates our
Community Guidelines
.
Details:
Send Report
Go to the Sporcle.com Mobile Site →
Comments